Principles of Biochemistry

Gorde:
Xehetasun bibliografikoak
Egile nagusia: Lehninger, Albert L
Formatua: Liburua
Hizkuntza:ingelesa
Argitaratua: New York, USA Worth 1982
Gaiak:
Etiketak: Etiketa erantsi
Etiketarik gabe, Izan zaitez lehena erregistro honi etiketa jartzen!

MARC

LEADER 00000nam a2200000 a 4500
001 UCL4704
003 CL-VaPUC
005 20210608001315.0
008 040123e19820000US |||||||||||||||||eng|d
999 |c 307488  |d 307486 
020 |a 087901136X 
040 |c Pontificia Universidad Católica de Valparaíso 
082 0 4 |a 572 LEH 1982  |2 21 
100 |a Lehninger, Albert L  |9 482335 
245 1 0 |a Principles of Biochemistry 
260 0 3 |a New York, USA  |b Worth  |c 1982 
300 |a 1011 páginas 
583 |a last modification  |c 20040123 00:00:00  |k Rodrigo Vera 
650 0 |a Bioquímica   |9 259492 
650 0 |a Estructura molecular  |9 306892 
650 0 |a Metabolismo  |9 259893 
650 0 |a Citología  |9 261432 
942 |c BK  |2 ddc 
945 |d 20040123 00:00:00  |a cmena 
952 |0 0  |1 0  |2 ddc  |4 0  |6 572_000000000000000_LEH_1982  |7 0  |8 A  |9 373462  |a BIBCUR  |b BIBCUR  |d 2019-11-21  |i 4660897  |l 1  |o 572 LEH 1982  |p 4660897  |r 2025-04-22  |s 2024-05-02  |t 1  |w 2019-11-21  |y BK  |k QUI 
952 |0 0  |1 0  |2 ddc  |4 0  |6 572_000000000000000_LEH_1982  |7 0  |8 A  |9 373463  |a BIBCUR  |b BIBCUR  |d 2019-11-21  |i 4768051  |o 572 LEH 1982  |p 4768051  |r 2025-04-22  |t 2  |w 2019-11-21  |y BK  |k BIO